000 00467nam a2200193Ia 4500
005 20250603144758.0
008 250603s9999 xx 000 0 und d
020 _a978129025766
050 _aQA 76.73 .J38 .W45/
100 _aWeiss, Mark Allen
245 0 _aData structures & problem solving using Java
250 _a4th ed.
260 _aUnited States
260 _bPearson
260 _c2014
300 _a944 p
650 _aUnited States
942 _cBK
999 _c39923
_d39923